Գարեգին Նժդեհի սեղմվարքի զուգադրումը հայոց պատմութեան խեղաթիւրումների սրբագրումներին = (Record no. 529085)
[ view plain ]
| 000 -LEADER | |
|---|---|
| fixed length control field | 01395nam a22002777a 4500 |
| 001 - CONTROL NUMBER | |
| control field | 1929683 |
| 003 - CONTROL NUMBER IDENTIFIER | |
| control field | AM-YEHGA |
| 005 - DATE AND TIME OF LATEST TRANSACTION | |
| control field | 20250618080129.0 |
| 008 - FIXED-LENGTH DATA ELEMENTS--GENERAL INFORMATION | |
| fixed length control field | 231109s2023 ai o|||gr|||||||1|0|arm|d |
| 020 ## - INTERNATIONAL STANDARD BOOK NUMBER | |
| International Standard Book Number | 9789939962429 |
| 040 ## - CATALOGING SOURCE | |
| Original cataloging agency | AM-YeHGA |
| 041 0# - LANGUAGE CODE | |
| Language code of text/sound track or separate title | arm |
| 090 ## - LOCALLY ASSIGNED LC-TYPE CALL NUMBER (OCLC); LOCAL CALL NUMBER (RLIN) | |
| -- | 567420 |
| 100 1# - MAIN ENTRY--PERSONAL NAME | |
| Personal name | Համբարձումեան, Ռաֆայէլ |
| 9 (RLIN) | 4055 |
| 245 10 - TITLE STATEMENT | |
| Title | Գարեգին Նժդեհի սեղմվարքի զուգադրումը հայոց պատմութեան խեղաթիւրումների սրբագրումներին = |
| Remainder of title | The relation of the brief history of the life of Garegin Nzhdeh to the revision of the falsified historical facts in the History of Armenia / |
| Statement of responsibility, etc. | Ռաֆայէլ Համբարձումեան. |
| 246 31 - VARYING FORM OF TITLE | |
| Title proper/short title | The relation of the brief history of the life of Garegin Nzhdeh to the revision of the falsified historical facts in the History of Armenia |
| 260 ## - PUBLICATION, DISTRIBUTION, ETC. | |
| Place of publication, distribution, etc. | Երեւան : |
| Name of publisher, distributor, etc. | Մեկնարկ, |
| Date of publication, distribution, etc. | 2023. |
| 300 ## - PHYSICAL DESCRIPTION | |
| Extent | 104 էջ : |
| Other physical details | լուսանկարներ ; |
| Dimensions | 20 սմ. |
| 504 ## - BIBLIOGRAPHY, ETC. NOTE | |
| Bibliography, etc. note | Տողատակում՝ մատենագիտական ծանոթագրություն։ |
| 600 14 - SUBJECT ADDED ENTRY--PERSONAL NAME | |
| Personal name | Նժդեհ, Գարեգին, |
| Dates associated with a name | 1886-1955 |
| 9 (RLIN) | 1005 |
| 650 14 - SUBJECT ADDED ENTRY--TOPICAL TERM | |
| Topical term or geographic name entry element | Հայոց պատմություն |
| 650 14 - SUBJECT ADDED ENTRY--TOPICAL TERM | |
| Topical term or geographic name entry element | Հայոց պատմության նշանավոր դեմքեր |
| 650 14 - SUBJECT ADDED ENTRY--TOPICAL TERM | |
| Topical term or geographic name entry element | Անվանի հայեր |
| 650 14 - SUBJECT ADDED ENTRY--TOPICAL TERM | |
| Topical term or geographic name entry element | Հայ փիլիսոփայություն |
| 942 ## - ADDED ENTRY ELEMENTS (KOHA) | |
| Source of classification or shelving scheme | Universal Decimal Classification |
| Koha item type | Գրքեր / Books |
| Withdrawn status | Lost status | Source of classification or shelving scheme | Damaged status | Not for loan | Collection | Home library | Current library | Date acquired | Total checkouts | Full call number | Barcode | Date last seen | Price effective from | Koha item type | Public note |
|---|---|---|---|---|---|---|---|---|---|---|---|---|---|---|---|
| Universal Decimal Classification | General | Fundamental Scientific Library | Fundamental Scientific Library | 09/11/2023 | AII/111001 | FL0680812 | 09/11/2023 | 09/11/2023 | Գրքեր / Books | 30 Days Loan | |||||
| Universal Decimal Classification | General | Fundamental Scientific Library | Fundamental Scientific Library | 09/11/2023 | AII/111000 | FL0680813 | 09/11/2023 | 09/11/2023 | Գրքեր / Books | 30 Days Loan |
ՀՀ Գիտությունների ազգային ակադեմիայի հիմնարար գիտական գրադարան = Fundamental Scientific Library of NAS RA
All site content, except where otherwise noted, is licensed under a